| 000 | 01395cam a22003497a 4500 | ||
|---|---|---|---|
| 001 | 15294446 | ||
| 005 | 20090212115351.0 | ||
| 008 | 080508s2008 enk b 001 0 eng | ||
| 010 | _a 2008928865 | ||
| 015 |
_aGBA802159 _2bnb |
||
| 016 | 7 |
_a014480143 _2Uk |
|
| 020 | _a9781848000810 (pbk.) | ||
| 020 | _a1848000812 (pbk.) | ||
| 020 | _a9781848000827 (ebk.) | ||
| 020 | _a1848000820 (ebk.) | ||
| 035 | _a(OCoLC)ocn187294574 | ||
| 040 |
_aUKM _cUKM _dBAKER _dBTCTA _dYDXCP _dBWX _dBWKUK _dBWK _dDLC |
||
| 042 | _alccopycat | ||
| 050 | 0 | 0 |
_aQA76.76.D47 _bL68 2008 |
| 082 | 0 | 4 |
_a005.101 _222 _bLOV |
| 100 | 1 |
_aLover, Robert. _93943 |
|
| 245 | 1 | 0 |
_aElementary logic for software development / _cRobert Lover. |
| 260 |
_aLondon : _bSpringer, _cc2008. |
||
| 300 |
_axiv, 313 p. ; _c24 cm. |
||
| 504 | _aIncludes bibliographical references (p. 305-308) and index. | ||
| 650 | 0 |
_aComputer software _xDevelopment _xMethodology. _93944 |
|
| 650 | 0 |
_aReasoning. _93945 |
|
| 942 |
_2ddc _cBB |
||
| 999 |
_c11353 _d11353 |
||